000 00404nam a2200181Ia 4500
001 3002
005 20260306144848.0
008 260306t1993||||xx |||||||||||||| ||spa||
041 _aESP
082 _a240.245
_bG34
100 _aGeach, Peter T.
_eAUT
245 0 _aLas virtudes
260 _c1993
300 _a192 páginas :
_c21 cm.
650 _aGEN
654 _aCHU
942 _cLIB
_dJUS
_fJUS
_2ddc
_n
999 _c3002
_d3002